000 00822cam a22001934a 4500
005 20250605164007.0
008 250528s ||||||||||||||||||||||||d
035 _a15834
020 _a135717795
040 _aGR-AtMCL
_bgre
_dGR-AtMCL
_eAACR2
245 1 _aThe Essence of Artificial Intelligence
260 _bPrentice Hall,
_c1998
300 _a190
520 _aA concise and accessible introduction to the topic for students with no prior knowledge of Artificial Intelligence. Foreword, Preface, Introduction, Knowledge Representation and Inference, Expert Systems, Using Search in Problem Solving, National Language Processing, Vision, Machine Learning and Neural Networks, Agents and Robots, Glossary, References, Index.
700 1 _aCawsey Alison
_91844
942 _cBK
999 _c1384
_d1384